000 00673nam a2200205 i 4500
001 40973
003 ES-MaACL
005 20250119063040.0
007 t|
008 030307q1878 xxk ||||1| eng d
100 0 _aCarlyle, Thomas,
_d1795-1881
_935316
245 1 4 _aThe early kings of Norway :
_balso an essay on the portraits of John Knox /
_cby Thomas Carlyle.
260 _aLondon :
_bChapman and Hall,
_c1878?]
300 _a358 p. ;
_c18 cm.
600 1 4 _aKnox, John (
_dca. 1514-1572)
_9172640
651 4 _aNoruega-
_xReyes y soberanos.
_9172639
651 4 _aNoruega-
_xHistoria.
_9164255
852 _aES-MaACL
_jG-10561
999 _c40973
_d40973